Detalles MARC
| 000 -Cabecera |
| Campo de control de longitud fija |
01078ntm a22004097a 4500 |
| 005 - Fecha y hora de la última transacción |
| Campo de control |
20241129132522.0 |
| 008 - Elementos de longitud fija--Información general |
| Campo de control de longitud fija |
170428b xxu||||| |||| 00| 0 spa d |
| 020 ## - International Standard Book Number |
| Número Internacional Estándar del Libro (ISBN) |
9788490210734 |
| 041 ## - Idioma |
| Código de idioma |
|
| 082 ## - Clasificación Decimal Dewey |
| Número de clasificación |
658.312.4 E55e2 |
| 245 ## - Título propiamente dicho |
| Título |
Empresa y formación: uso de las nuevas tecnologías |
| 250 ## - Edición |
| Mención de edición |
2 edición |
| 260 ## - Pie de imprenta |
| Lugar de publicación, distribución, etc. |
España |
| 260 ## - Pie de imprenta |
| Nombre del editor, distribuidor, etc. |
ICB |
| 260 ## - Pie de imprenta |
| Fecha de publicación, distribución, etc. |
2012 |
| 300 ## - Descripción física |
| Extensión |
171 páginas |
| 650 ## - Materia general |
| Temática (materia general) |
CONDICIONES DE EMPLEO |
| 650 ## - Materia general |
| Temática (materia general) |
FORMACIÓN PERMANENTE |
| 650 ## - Materia general |
| Temática (materia general) |
ALFABETIZACIÓN DIGITAL |
| 650 ## - Materia general |
| Temática (materia general) |
CARACTERISTICAS DE LA EDUCACIÓN DIGITAL |
| 650 ## - Materia general |
| Temática (materia general) |
EDUCACIÓN |
| 650 ## - Materia general |
| Temática (materia general) |
TECNOFILIAS |
| 650 ## - Materia general |
| Temática (materia general) |
TECNOFOBIAS |
| 650 ## - Materia general |
| Temática (materia general) |
ALFABETIZACIÓN |
| 650 ## - Materia general |
| Temática (materia general) |
EDUCACIÓN A DISTANCIA |
| 650 ## - Materia general |
| Temática (materia general) |
RECURSOS DIGITALES |
| 650 ## - Materia general |
| Temática (materia general) |
FORMACIÓN PRESENCIAL |
| 650 ## - Materia general |
| Temática (materia general) |
BLOGS |
| 650 ## - Materia general |
| Temática (materia general) |
FOROS |
| 650 ## - Materia general |
| Temática (materia general) |
WIKIS |
| 650 ## - Materia general |
| Temática (materia general) |
AULAS VIRTUALES |
| 650 ## - Materia general |
| Temática (materia general) |
REDES SOCIALES |
| 650 ## - Materia general |
| Temática (materia general) |
TEORÍA DE LOS SEIS GRADOS |
| 650 ## - Materia general |
| Temática (materia general) |
APRENDIZAJE EXPERIENCIAL |
| 650 ## - Materia general |
| Temática (materia general) |
COACHING VIRTUAL |
| 942 ## - Punto de acceso adicional KOHA |
| Tipo de ítem KOHA |
Libro |
| Fuente del sistema de clasificación o colocación |
Dewey Decimal Classification |